| 000 | 01257nam a22002535i 4500 | ||
|---|---|---|---|
| 001 | 163336 | ||
| 003 | ES-MaACL | ||
| 005 | 20250821063102.0 | ||
| 008 | 950206s1894 sp a |||| | spa d | ||
| 080 | _a727.3(460.224 Z.) | ||
| 100 | 1 |
_aRepullés y Vargas, Enrique María, _d1845-1922 _996277 |
|
| 245 | 1 | 0 |
_aEdificio para las facultades de medicina y ciencias en Zaragoza : _bproyecto y dirección del arquitecto Ilmo. Sr. D. Ricardo Magdalena / _cmonografía por Enrique Repullés y Vargas. |
| 260 |
_aMadrid : _b[s.n.], _c1894 ( _fImp. y Lit. de los Huérfanos) |
||
| 300 |
_a54 p., [5] h. de lám., [4] h. pleg. de planos : _bil. ; _c31 cm. |
||
| 490 | 1 | _aBiblioteca del "Resumen de arquitectura" / editada por Antero de Oteyza y Barinaga | |
| 599 | _aLám.: Fototipia de Hauser y Menet. Madrid; Ilustraciones: "Escolá Fto." | ||
| 610 | 2 | 4 |
_aUniversidad de Zaragoza- _xEdificios. _97353 |
| 700 | 1 |
_aMagdalena, Ricardo. _9129340 |
|
| 700 | 1 |
_aOteyza y Barinaga, Antero de. _9130741 |
|
| 710 | 2 |
_aHauser y Menet (Madrid) _94558 |
|
| 830 | 1 |
_aBiblioteca del "Resumen de arquitectura" / editada por Antero de Oteyza y Barinaga _9188426 |
|
| 852 | 4 |
_aES-MaACL _jB-11448 _z- Enc. tela gris con hierros dorados |
|
| 999 |
_c163336 _d163336 |
||